| 000 | 00411 a2200109 4500 | ||
|---|---|---|---|
| 001 | ART_23455 | ||
| 005 | 20260410161918.0 | ||
| 008 | 260409a | ||
| 245 | 1 | 0 | _aLa integración como respuesta a la complejidad |
| 100 | 1 | _aRodríguez de Ramírez, María del Carmen | |
| 773 | 0 |
_tDocumentos de trabajo de contabilidad, auditoría y responsabilidad social _g- Año 3, Nº 6 (dic. 2013) _wREV14385 |
|
| 999 |
_c27459 _d27459 |
||